[Event "Bayerische EM 2023 - Allgemeine Gruppe"]
[Site "Rosenheim"]
[Date "2023.08.23"]
[Round "5.1"]
[White "Schlichtmann, Robin"]
[Black "Reimann, Sebastian"]
[Result "1/2-1/2"]
[WhiteElo "2277"]
[BlackElo "2277"]
[PlyCount "89"]
[EventDate "2023.??.??"]
[WhiteTeam "SC Garching 1980 e.V."]
[BlackTeam "SK Kriegshaber"]

1. e4 c5 2. c3 Nf6 3. e5 Nd5 4. Nf3 d6 5. exd6 Nc6 6. d4 cxd4 7. Nxd4 Qxd6 8.
Nxc6 bxc6 9. Be2 e6 10. O-O Qc7 11. c4 Nf6 12. Bf3 Bd6 13. h3 O-O 14. Nc3 Rb8
15. Qc2 Be5 16. Be3 c5 17. Rad1 Bd7 18. b3 Rfd8 19. Rd2 Be8 20. Rfd1 Rxd2 21.
Rxd2 h6 22. Kf1 a6 23. Kg1 Nd7 24. Na4 f5 25. Rd1 f4 26. Bc1 Bd4 27. Bb2 Ne5
28. Bxd4 Nxf3+ 29. gxf3 cxd4 30. Rxd4 e5 31. Rd5 Bxa4 32. bxa4 Qe7 33. Qf5 Qg5+
34. Qxg5 hxg5 35. Rxe5 Rb4 36. a5 Rxc4 37. Rxg5 Ra4 38. h4 Rxa2 39. Kg2 Ra3 40.
h5 Kh7 41. Rc5 Kg8 42. Rd5 Kh7 43. Rg5 Kh8 44. Rc5 Kg8 45. Rg5 1/2-1/2

[Event "Bayerische EM 2023 - Allgemeine Gruppe"]
[Site "Rosenheim"]
[Date "2023.08.23"]
[Round "5.3"]
[White "Maurer, Jochen"]
[Black "Kolb, Tobias"]
[Result "1/2-1/2"]
[WhiteElo "2184"]
[BlackElo "2302"]
[PlyCount "110"]
[EventDate "2023.??.??"]
[WhiteTeam "SG Pang-Rosenheim 1910 e.V."]
[BlackTeam "SC 1868 Bamberg"]

1. e4 e5 2. Nf3 Nc6 3. Bc4 Bc5 4. c3 Nf6 5. d4 exd4 6. e5 d5 7. Bb5 Ne4 8. cxd4
Bb6 9. Nc3 O-O 10. Be3 Bg4 11. h3 Bh5 12. Qc2 Bg6 13. Qb3 Ne7 14. O-O c6 15.
Bd3 Nd2 16. Bxd2 Bxd3 17. Rfe1 Nf5 18. Nxd5 Nxd4 19. Qxd3 Qxd5 20. Ng5 Nf3+ 21.
Qxf3 Qxd2 22. h4 h6 23. Ne4 Qxb2 24. Qf5 Rae8 25. Nd6 Re6 26. a4 g6 27. Qf4 Qd4
28. Qg3 Kh7 29. a5 Bd8 30. h5 gxh5 31. Rad1 Qg4 32. Qd3+ Rg6 33. g3 h4 34. Re4
Qe6 35. Nxb7 hxg3 36. f4 Be7 37. Re2 f5 38. Qd7 Rf7 39. Qxe6 Rxe6 40. Kg2 Rg7
41. Re3 Kg8 42. Rxg3 Rxg3+ 43. Kxg3 Kf8 44. a6 Ke8 45. Na5 c5 46. Nc4 Rxa6 47.
Ne3 Ra3 48. Kf2 Bh4+ 49. Ke2 Bg3 50. Nxf5 Bxf4 51. e6 Bg5 52. Rb1 Kd8 53. Rb7
Ra4 54. e7+ Bxe7 55. Rxe7 Rf4 1/2-1/2

[Event "Bayerische EM 2023 - Allgemeine Gruppe"]
[Site "Rosenheim"]
[Date "2023.08.23"]
[Round "5.4"]
[White "Uebele, Peter"]
[Black "Miller, Eduard"]
[Result "0-1"]
[WhiteElo "2168"]
[BlackElo "2324"]
[PlyCount "58"]
[EventDate "2023.??.??"]
[WhiteTeam "SC Waldkraiburg"]
[BlackTeam "SC Erlangen 48/88"]

1. d4 Nf6 2. Nf3 g6 3. c4 Bg7 4. Nc3 O-O 5. e4 d6 6. Be2 e5 7. Be3 exd4 8. Nxd4
Re8 9. f3 c6 10. Bf2 d5 11. exd5 cxd5 12. O-O Nc6 13. c5 a6 14. Qd2 Nh5 15.
Rad1 Be5 16. g3 Bh3 17. Rfe1 Qd7 18. f4 Bg7 19. Bf3 Nf6 20. Nc2 Rxe1+ 21. Bxe1
Rd8 22. Bf2 Qc8 23. Qc1 Bg4 24. Bxg4 Qxg4 25. Kg2 Ne4 26. Ne3 Qe6 27. Ncxd5
Nxf2 28. Kxf2 Bd4 29. f5 Qxd5 0-1

[Event "Bayerische EM 2023 - Allgemeine Gruppe"]
[Site "Rosenheim"]
[Date "2023.08.23"]
[Round "5.5"]
[White "Schatz, Christian"]
[Black "Albert, Markus"]
[Result "1/2-1/2"]
[WhiteElo "2153"]
[BlackElo "2256"]
[PlyCount "197"]
[EventDate "2023.??.??"]
[WhiteTeam "SC Postbauer-Heng e.V"]
[BlackTeam "SC Ansbach 1855 e.V."]

1. d4 d6 2. e4 Nf6 3. Nc3 e5 4. Nf3 Nbd7 5. Bc4 Be7 6. O-O O-O 7. Re1 c6 8. a4
Qc7 9. h3 Nb6 10. Bb3 a5 11. Be3 Nfd7 12. Qd2 exd4 13. Nxd4 Nc5 14. Ba2 Re8 15.
Bf4 Bf6 16. b3 Be5 17. Rad1 Ne6 18. Be3 Nxd4 19. Bxd4 Be6 20. f4 Bxd4+ 21. Qxd4
d5 22. f5 Bd7 23. exd5 cxd5 24. Bb1 Bxf5 25. Nxd5 Nxd5 26. Qxd5 Bxc2 27. Bxc2
Qxc2 28. Rf1 Qc7 29. Qd6 Re7 30. Qxc7 Rxc7 31. Rf5 b6 32. Rd6 Rb8 33. Rb5 Rcb7
34. b4 axb4 35. Rxb4 Kf8 36. Rd2 Ke8 37. Kh2 Ra7 38. Re4+ Re7 39. Rb4 f6 40.
Rdb2 Ra8 41. Rxb6 Rxa4 42. Rb8+ Kf7 43. R8b7 Ra7 44. Rxe7+ Rxe7 45. Kg3 Kg6 46.
Rb5 Re3+ 47. Kf2 Ra3 48. g3 f5 49. Rb6+ Kg5 50. Rb7 Kh6 51. Rb6+ g6 52. Kg2 Kg5
53. Rb7 h6 54. Rb2 Rc3 55. Ra2 Rc4 56. Kf3 Kh5 57. Ra5 Rc3+ 58. Kg2 Rc2+ 59.
Kf3 Rh2 60. g4+ Kg5 61. Kg3 Rh1 62. gxf5 gxf5 63. h4+ Kg6 64. Ra6+ Kh5 65. Rf6
Rf1 66. Kg2 Rf4 67. Kg3 Rg4+ 68. Kf3 Rg6 69. Rxf5+ Kxh4 70. Rf4+ Kh3 71. Rf5
Rg5 72. Kf4 Kh4 73. Rf6 h5 74. Kf3 Kh3 75. Kf2 Kh2 76. Rf4 Rg4 77. Rf5 h4 78.
Kf1 Kh1 79. Rf3 Rg3 80. Kf2 Kh2 81. Rf4 h3 82. Kf1 Ra3 83. Rg4 Rf3+ 84. Ke2 Rg3
85. Rf4 Rg2+ 86. Kf1 Kg3 87. Rf7 Ra2 88. Rg7+ Kh2 89. Rg6 Ra5 90. Rf6 Kh1 91.
Rf3 h2 92. Rf7 Rg5 93. Rf6 Rg2 94. Rf7 Rg1+ 95. Kf2 Ra1 96. Rf6 Ra7 97. Kf1 Rd7
98. Rf8 Rf7+ 99. Rxf7 1/2-1/2

[Event "Bayerische EM 2023 - Allgemeine Gruppe"]
[Site "Rosenheim"]
[Date "2023.08.23"]
[Round "5.6"]
[White "Lohvinov, Petro"]
[Black "Vollnhals, Michael"]
[Result "1-0"]
[WhiteElo "2237"]
[BlackElo "2006"]
[PlyCount "35"]
[EventDate "2023.??.??"]
[WhiteTeam "SK München Südost e.V."]
[BlackTeam "TSV Grossmehring"]

1. e4 e6 2. d4 d5 3. Nd2 Nf6 4. e5 Nfd7 5. Bd3 c5 6. c3 Nc6 7. Ne2 cxd4 8. cxd4
f6 9. exf6 Nxf6 10. Nf3 Bd6 11. O-O O-O 12. Bg5 Qb6 13. a3 Bd7 14. Nc3 Be8 15.
Qe2 Rd8 16. Qxe6+ Bf7 17. Qh3 Bh5 18. Bxf6 1-0

[Event "Bayerische EM 2023 - Allgemeine Gruppe"]
[Site "Rosenheim"]
[Date "2023.08.23"]
[Round "5.7"]
[White "Willim, Michael"]
[Black "Niedermeier, Thomas"]
[Result "1-0"]
[WhiteElo "2119"]
[BlackElo "2223"]
[PlyCount "57"]
[EventDate "2023.??.??"]
[WhiteTeam "SC Erlangen 48/88"]
[BlackTeam "SV Ilmmünster"]

1. d4 Nf6 2. c4 Nc6 3. Nf3 d6 4. d5 Ne5 5. Nc3 Nxf3+ 6. gxf3 g6 7. e4 Bg7 8.
Be3 O-O 9. Qd2 c6 10. Be2 cxd5 11. cxd5 Bh3 12. a3 a6 13. Rg1 b5 14. Bd3 Qd7
15. Ne2 e6 16. dxe6 Bxe6 17. Nd4 Bc4 18. Bxc4 bxc4 19. Nf5 gxf5 20. Bd4 Ne8 21.
Rxg7+ Nxg7 22. Bf6 Qe6 23. Qg5 Qxf6 24. Qxf6 Rfe8 25. O-O-O Re6 26. Qg5 fxe4
27. fxe4 Rc8 28. f4 Rg6 29. Qa5 1-0

[Event "Bayerische EM 2023 - Allgemeine Gruppe"]
[Site "Rosenheim"]
[Date "2023.08.23"]
[Round "5.8"]
[White "Lang, Zalan Andreas"]
[Black "Stöttner, Lukas"]
[Result "1/2-1/2"]
[WhiteElo "2221"]
[BlackElo "2066"]
[PlyCount "68"]
[EventDate "2023.??.??"]
[WhiteTeam "SAbt TSV Haunstetten"]
[BlackTeam "SK Landau-Dingolfing"]

1. d4 d5 2. c3 Nf6 3. Bg5 Ne4 4. Bf4 e6 5. Nd2 Bd6 6. Bxd6 Nxd6 7. Ngf3 Nd7 8.
e3 Qe7 9. Ne5 f6 10. Qh5+ Nf7 11. Qxf7+ Qxf7 12. Nxf7 Kxf7 13. c4 c6 14. Rc1
Rd8 15. Be2 Ke7 16. Bg4 b6 17. O-O Ba6 18. Rfd1 Rac8 19. b4 dxc4 20. Nxc4 c5
21. bxc5 bxc5 22. Na5 c4 23. Bf3 Bb5 24. Rb1 a6 25. Rb4 Nb6 26. Nb7 Rd7 27. Nc5
Nd5 28. Bxd5 Rxd5 29. Rc1 e5 30. a4 exd4 31. exd4 Rxd4 32. axb5 Rxc5 33. bxa6
Ra5 34. Rb7+ Rd7 1/2-1/2

[Event "Bayerische EM 2023 - Allgemeine Gruppe"]
[Site "Rosenheim"]
[Date "2023.08.23"]
[Round "5.9"]
[White "Arnhold, Steffi"]
[Black "Böhme, Sebastian"]
[Result "0-1"]
[WhiteElo "2110"]
[BlackElo "2215"]
[PlyCount "128"]
[EventDate "2023.??.??"]
[WhiteTeam "SC Bavaria Regensburg von 1881 e"]
[BlackTeam "SC Uttenreuth e.V."]

1. e4 c6 2. d4 d5 3. Nd2 dxe4 4. Nxe4 Nf6 5. Nxf6+ exf6 6. c3 Bd6 7. Bd3 O-O 8.
Ne2 Re8 9. Qc2 h5 10. O-O h4 11. h3 Nd7 12. Bd2 Nf8 13. Rae1 g6 14. c4 Bc7 15.
Qc3 Be6 16. f4 f5 17. b3 a5 18. Bc1 Bd6 19. a3 Be7 20. Bb2 Bf6 21. Qc2 Bg7 22.
Kh1 Rc8 23. Qd2 Qb6 24. Bc3 Ra8 25. Qb2 Red8 26. Rd1 Rd7 27. Rfe1 Qc7 28. Bb1
Rad8 29. Ba2 Bh6 30. Rf1 b5 31. d5 bxc4 32. bxc4 cxd5 33. Be5 Qa7 34. cxd5 Bxd5
35. Rxd5 Rxd5 36. Bxd5 Rxd5 37. Nd4 Qd7 38. Qc3 Kh7 39. Nf3 Rd1 40. Rxd1 Qxd1+
41. Kh2 f6 42. Bb8 Qd8 43. Bc7 Qd7 44. Nxh4 a4 45. Bb8 Kg7 46. Qb4 Ne6 47. Nf3
Kf7 48. Bd6 Qxd6 49. Qxd6 Bxf4+ 50. Qxf4 Nxf4 51. Nd2 Ke6 52. Nc4 Ne2 53. h4
Nc3 54. Kg3 Kd5 55. Nb2 Ke4 56. Nc4 Kd3 57. Nb6 Kd4 58. h5 gxh5 59. Kf4 Nd5+
60. Nxd5 Kxd5 61. Kxf5 Kc4 62. Kxf6 Kb3 63. Kg5 Kxa3 64. Kxh5 Kb4 0-1

[Event "Bayerische EM 2023 - Allgemeine Gruppe"]
[Site "Rosenheim"]
[Date "2023.08.23"]
[Round "5.10"]
[White "Schmid, Roland"]
[Black "Becker, Tobias"]
[Result "1-0"]
[WhiteElo "2212"]
[BlackElo "2111"]
[PlyCount "73"]
[EventDate "2023.??.??"]
[WhiteTeam "SG Post/Süd Regensburg"]
[BlackTeam "Kronacher SK 1882 e.V."]

1. c4 c6 2. d4 d5 3. cxd5 cxd5 4. Bf4 Nf6 5. Nc3 Nc6 6. e3 a6 7. Be2 Bf5 8. g4
Be4 9. f3 Bg6 10. h4 h5 11. g5 Nd7 12. Nxd5 Qa5+ 13. Nc3 e5 14. dxe5 Bb4 15.
Kf1 O-O-O 16. Nd5 Nc5 17. a3 Nd3 18. e4 Rxd5 19. exd5 Qxd5 20. axb4 Qd4 21.
Bxd3 Bxd3+ 22. Kg2 Rd8 23. Qc1 Qxb4 24. Nh3 Bf5 25. Nf2 Be6 26. Ne4 Kb8 27. Rd1
Rxd1 28. Qxd1 Qxb2+ 29. Nf2 Ka8 30. Rc1 Qb4 31. Ne4 Nd4 32. Be3 Nc6 33. Qd2 Qa4
34. Nc5 Qxh4 35. Nxe6 fxe6 36. Qd8+ Nxd8 37. Rc8# 1-0

[Event "Bayerische EM 2023 - Allgemeine Gruppe"]
[Site "Rosenheim"]
[Date "2023.08.23"]
[Round "5.11"]
[White "Kerkhoff, Jan"]
[Black "Kocak, Ediz"]
[Result "0-1"]
[WhiteElo "1940"]
[BlackElo "2134"]
[PlyCount "64"]
[EventDate "2023.??.??"]
[WhiteTeam "SC Unterhaching e.V."]
[BlackTeam "SGem 1882 Fürth"]

1. e4 c5 2. Nc3 e6 3. g3 d5 4. Bg2 dxe4 5. Nxe4 Be7 6. d3 Nf6 7. Ne2 Nc6 8.
N2c3 Nd5 9. Bd2 O-O 10. O-O b6 11. Qh5 Nxc3 12. Bxc3 Bb7 13. Rfe1 Qd7 14. Rad1
Rad8 15. Ng5 h6 16. Nf3 Nd4 17. Bxd4 cxd4 18. Ne5 Qc7 19. Bxb7 Qxb7 20. Re4 Rd5
21. Rg4 Bf6 22. f4 Kh7 23. Re1 Qc7 24. Re2 a5 25. a4 Bxe5 26. Rxe5 g6 27. Qh4
Qxc2 28. Rxg6 Qd1+ 29. Kg2 Kxg6 30. Rxd5 Qe2+ 31. Kh3 Qf1+ 32. Kg4 f5+ 0-1

[Event "Bayerische EM 2023 - Allgemeine Gruppe"]
[Site "Rosenheim"]
[Date "2023.08.23"]
[Round "5.12"]
[White "Kaiser, Richard"]
[Black "Schulz, Lukas"]
[Result "0-1"]
[WhiteElo "2053"]
[BlackElo "2347"]
[PlyCount "115"]
[EventDate "2023.??.??"]
[WhiteTeam "SK Passau 1869"]
[BlackTeam "SC Erlangen 48/88"]

1. d4 Nf6 2. g3 g6 3. Bg2 Bg7 4. e4 d6 5. Ne2 O-O 6. O-O Nbd7 7. Nbc3 c5 8. h3
cxd4 9. Nxd4 a6 10. Be3 Qc7 11. f4 Nb6 12. Bf2 Bd7 13. Re1 Nc4 14. b3 Na3 15.
Nb1 Nb5 16. c4 Nxd4 17. Bxd4 e5 18. fxe5 dxe5 19. Be3 b5 20. Nd2 Rac8 21. Qe2
Nh5 22. Kh2 f5 23. Bf2 f4 24. g4 Ng3 25. Qf3 Qa5 26. Red1 Be6 27. Be1 Qa3 28.
Bxg3 fxg3+ 29. Qxg3 Rfd8 30. Bf1 Rd4 31. Nf3 Rxd1 32. Rxd1 Qxa2+ 33. Rd2 Qxb3
34. cxb5 axb5 35. Qg2 Bc4 36. Be2 Qe3 37. Bxc4+ bxc4 38. Qe2 Qf4+ 39. Kg2 h5
40. g5 h4 41. Qe1 Rf8 42. Nxh4 Qxg5+ 43. Kh1 Rf4 44. Ng2 Rf3 45. h4 Qg4 46. Qe2
Kh7 47. Qxc4 Rh3+ 48. Kg1 Re3 49. h5 gxh5 50. Rd8 Qg6 51. Qg8+ Kh6 52. Qd5 Re2
53. Rd6 Bf6 54. Rxf6 Qxf6 55. Qg8 Qf2+ 56. Kh1 Qxg2+ 57. Qxg2 Rxg2 58. Kxg2 0-1

[Event "Bayerische EM 2023 - Allgemeine Gruppe"]
[Site "Rosenheim"]
[Date "2023.08.23"]
[Round "5.13"]
[White "Heidrich, Manfred"]
[Black "Gold, Florian"]
[Result "1-0"]
[WhiteElo "2332"]
[BlackElo "1851"]
[PlyCount "107"]
[EventDate "2023.??.??"]
[WhiteTeam "SC Forchheim e.V."]
[BlackTeam "SK Kelheim 1920"]

1. f4 Nh6 2. Nf3 d5 3. g3 Bg4 4. Bg2 e6 5. Nc3 Nc6 6. O-O Bc5+ 7. Kh1 Nf5 8. e4
dxe4 9. Nxe4 Bb6 10. h3 Bxf3 11. Qxf3 Qd4 12. Nf2 h5 13. c3 Qd5 14. Qxd5 Nxg3+
15. Kg1 exd5 16. Re1+ Kd7 17. Bxd5 Rae8 18. Rxe8 Rxe8 19. d4 Re1+ 20. Kg2 h4
21. Bf3 Ne7 22. Nd3 Rf1 23. b3 Ng6 24. Bb2 Rxa1 25. Bxa1 c6 26. Ne5+ Ke7 27.
Nxg6+ fxg6 28. Bg4 Bc7 29. Kf3 Nf1 30. Bc8 b5 31. Bb2 Nd2+ 32. Ke3 Nf1+ 33. Ke2
Ng3+ 34. Kf3 Nf5 35. c4 bxc4 36. bxc4 Bb6 37. d5 cxd5 38. cxd5 Kd6 39. Kg4 Ne3+
40. Kg5 Nxd5 41. Be5+ Kc5 42. Be6 Bc7 43. Bxc7 Nxc7 44. Bf7 Nd5 45. Bxg6 Kd4
46. Bf7 Ke4 47. Bxd5+ Kxd5 48. Kxh4 Ke6 49. Kg5 Kf7 50. a4 g6 51. a5 a6 52. f5
gxf5 53. Kxf5 Ke7 54. Ke5 1-0

[Event "Bayerische EM 2023 - Allgemeine Gruppe"]
[Site "Rosenheim"]
[Date "2023.08.23"]
[Round "5.14"]
[White "Böhme, Markus"]
[Black "Sesselmann, Christoph"]
[Result "1-0"]
[WhiteElo "2144"]
[BlackElo "2020"]
[PlyCount "73"]
[EventDate "2023.??.??"]
[WhiteTeam "SC Uttenreuth e.V."]
[BlackTeam "SK 1907 Kulmbach"]

1. e4 c5 2. Nf3 e6 3. d4 cxd4 4. Nxd4 Qb6 5. Nb3 Nf6 6. Bd3 Nc6 7. Nc3 Bb4 8.
Bd2 O-O 9. O-O d5 10. exd5 exd5 11. a3 Bd6 12. Bg5 Qd8 13. h3 Be7 14. Re1 Be6
15. Ne2 Ne5 16. Nf4 Nxd3 17. Qxd3 Qd6 18. Nd4 Ne4 19. Bxe7 Qxf4 20. f3 Ng5 21.
Bxg5 Qxg5 22. Nxe6 fxe6 23. Rxe6 Rad8 24. Rae1 d4 25. Re7 Qd5 26. R1e5 Qc6 27.
Re4 Qb6 28. Rg4 Rf7 29. Rxf7 Kxf7 30. Qxh7 d3+ 31. Kh2 Qd6+ 32. Kh1 d2 33.
Qxg7+ Ke6 34. Re4+ Kd5 35. Qxb7+ Qc6 36. c4+ Kd6 37. Qe7# 1-0

[Event "Bayerische EM 2023 - Allgemeine Gruppe"]
[Site "Rosenheim"]
[Date "2023.08.23"]
[Round "5.15"]
[White "Kamenskyi, Dmytro"]
[Black "Fuchs, Florian"]
[Result "0-1"]
[WhiteElo "2030"]
[BlackElo "2096"]
[PlyCount "78"]
[EventDate "2023.??.??"]
[WhiteTeam "SK Kriegshaber"]
[BlackTeam "DJK SF Haselbach"]

1. Nf3 c5 2. g3 Nc6 3. d4 cxd4 4. Nxd4 e5 5. Nb5 d6 6. c4 Be6 7. b3 a6 8. N5c3
Nf6 9. Bg2 Be7 10. O-O O-O 11. Nd5 Rc8 12. Nbc3 b5 13. cxb5 Nxd5 14. Nxd5 axb5
15. Be3 Bxd5 16. Bxd5 Nb4 17. Qd2 Nc2 18. Rac1 Nxe3 19. Qxe3 Qa5 20. Qd3 Rc5
21. Rfd1 g6 22. h4 Kg7 23. h5 Bg5 24. e3 Rfc8 25. Rxc5 Rxc5 26. hxg6 hxg6 27.
Kg2 f5 28. e4 Rc3 29. Qe2 f4 30. Qg4 Qd8 31. a4 fxg3 32. Qe6 Rc2 33. Kxg3 Bh4+
34. Kg2 Qg5+ 35. Kh1 Qf4 36. Qg8+ Kh6 37. Rg1 Qf3+ 38. Kh2 Qxf2+ 39. Rg2 Qf4+
0-1

[Event "Bayerische EM 2023 - Allgemeine Gruppe"]
[Site "Rosenheim"]
[Date "2023.08.23"]
[Round "5.16"]
[White "Biedenkopf, Philipp"]
[Black "Kessler, Jan"]
[Result "0-1"]
[WhiteElo "1978"]
[BlackElo "2094"]
[PlyCount "120"]
[EventDate "2023.??.??"]
[WhiteTeam "SK Passau 1869"]
[BlackTeam "SC Unterhaching e.V."]

1. Nf3 c5 2. c4 g6 3. Nc3 Bg7 4. g3 Nc6 5. Bg2 e5 6. d3 Nge7 7. Nd2 d6 8. Nf1
O-O 9. Ne3 Rb8 10. O-O Be6 11. Ned5 a6 12. Rb1 b5 13. e3 f5 14. Ne2 bxc4 15.
dxc4 e4 16. Nef4 Bf7 17. b3 Nxd5 18. Nxd5 Ne5 19. Bb2 Nd3 20. Bxg7 Kxg7 21. Nc3
Ne5 22. Nd5 Qd7 23. Qd2 Rbd8 24. Rbd1 g5 25. Qc3 Bh5 26. f4 exf3 27. Bxf3 Bf7
28. Bg2 Bxd5 29. Rxd5 Qe7 30. Bh3 g4 31. Bg2 Kg6 32. e4 fxe4 33. Bxe4+ Kh6 34.
Qd2+ Kg7 35. Rxf8 Rxf8 36. Rxd6 Nf7 37. Qc3+ Kg8 38. Bxh7+ Kxh7 39. Qd3+ Kh8
40. Rg6 Ne5 41. Rh6+ Kg8 42. Qd5+ Qf7 43. Qxf7+ Kxf7 44. Rxa6 Nf3+ 45. Kg2 Rh8
46. a3 Rxh2+ 47. Kf1 Rb2 48. b4 cxb4 49. axb4 Rxb4 50. c5 Rc4 51. c6 Rc2 52.
Ra7+ Ke6 53. c7 Kf5 54. Rb7 Ne5 55. Ke1 Ke4 56. Kd1 Rc3 57. Ke2 Nf3 58. Rb4+
Nd4+ 59. Kd2 Rc2+ 60. Kd1 Rxc7 0-1

[Event "Bayerische EM 2023 - Allgemeine Gruppe"]
[Site "Rosenheim"]
[Date "2023.08.23"]
[Round "5.17"]
[White "Mönius, Alexander"]
[Black "Krämer, Max"]
[Result "0-1"]
[WhiteElo "1909"]
[BlackElo "2044"]
[PlyCount "80"]
[EventDate "2023.??.??"]
[WhiteTeam "SC Höchstadt/Aisch"]
[BlackTeam "SK Caissa Augsburg"]

1. d4 Nf6 2. c4 g6 3. Nc3 Bg7 4. e4 d6 5. Be2 O-O 6. Nf3 e5 7. Be3 Ng4 8. Bg5
f6 9. Bc1 Nc6 10. d5 Ne7 11. h3 Nh6 12. h4 f5 13. h5 f4 14. hxg6 Nxg6 15. Bd2
a5 16. Qc2 Ng4 17. Nh2 Qh4 18. Bxg4 Bxg4 19. Qd3 Rf7 20. Qf1 Bd7 21. O-O-O a4
22. Qe2 c6 23. g3 fxg3 24. fxg3 Qh3 25. Nf3 Qxg3 26. Ng5 Bg4 27. Qe1 Qxe1 28.
Rdxe1 Rf2 29. Nxh7 Nf4 30. Bxf4 exf4 31. Nf6+ Bxf6 32. Rhg1 a3 33. Rxg4+ Kf7
34. Re2 Rf1+ 35. Kc2 f3 36. Rh2 axb2 37. Rh7+ Kf8 38. Rf4 Kg8 39. Rxb7 Bxc3 40.
Rg4+ Kf8 0-1

[Event "Bayerische EM 2023 - Allgemeine Gruppe"]
[Site "Rosenheim"]
[Date "2023.08.23"]
[Round "5.18"]
[White "Bratu, Mircea"]
[Black "Brunner, Tobias"]
[Result "1-0"]
[WhiteElo "1891"]
[BlackElo "1999"]
[PlyCount "63"]
[EventDate "2023.??.??"]
[WhiteTeam "SG Schwabing München Nord e.V."]
[BlackTeam "SC Windischeschenbach"]

1. d4 Nf6 2. c4 e6 3. g3 c5 4. Nf3 d5 5. cxd5 Nxd5 6. Bg2 Nc6 7. O-O Be7 8.
dxc5 Bxc5 9. a3 O-O 10. b4 Qf6 11. Ra2 Bb6 12. Rd2 a6 13. Bb2 Qe7 14. Qc2 Bd7
15. Nc3 Nxc3 16. Qxc3 f6 17. Rfd1 Rfd8 18. Qb3 Be8 19. Nd4 Nxd4 20. Bxd4 Bxd4
21. Rxd4 Rxd4 22. Rxd4 Rc8 23. Rc4 Rxc4 24. Qxc4 Qd7 25. Bf3 Bg6 26. Qc5 e5 27.
Qd5+ Qf7 28. Qxb7 e4 29. Bxe4 Bxe4 30. Qxe4 h5 31. Qa8+ Kh7 32. Qxa6 1-0

[Event "Bayerische EM 2023 - Allgemeine Gruppe"]
[Site "Rosenheim"]
[Date "2023.08.23"]
[Round "5.19"]
[White "Stichter, Constantin Paul"]
[Black "Bunk, Wolfgang"]
[Result "1-0"]
[WhiteElo "1921"]
[BlackElo "1983"]
[PlyCount "155"]
[EventDate "2023.??.??"]
[WhiteTeam "SG Traunstein/Traunreut e.V."]
[BlackTeam "SC Bavaria Regensburg von 1881 e"]

1. e4 d5 2. exd5 Qxd5 3. Nc3 Qa5 4. d4 Nf6 5. Bc4 Bg4 6. f3 Bd7 7. Bd2 Qb6 8.
Nge2 e6 9. O-O c5 10. Be3 cxd4 11. Bxd4 Bc5 12. Kh1 Bxd4 13. Qxd4 Qxd4 14. Nxd4
a6 15. a4 Nc6 16. Rad1 Rc8 17. Be2 Nb4 18. Rd2 Nbd5 19. Nxd5 Nxd5 20. Nf5 exf5
21. Rxd5 Rxc2 22. Bd3 Rxb2 23. Re5+ Be6 24. Bxf5 Ke7 25. Rfe1 Rb6 26. a5 Rd6
27. Bxe6 Rxe6 28. Rxe6+ fxe6 29. Rb1 Rd8 30. Rxb7+ Rd7 31. Rb1 Rd2 32. Ra1 Kd6
33. h3 g5 34. Rb1 Rc2 35. Rb6+ Rc6 36. Rb7 Rc7 37. Rb6+ Rc6 38. Rb7 h6 39. Kh2
Kd5 40. Rd7+ Ke5 41. Ra7 Kd5 42. Rd7+ Kc4 43. Rb7 Rc5 44. Rb6 Rxa5 45. Rxe6 h5
46. h4 gxh4 47. Kh3 Ra4 48. Re4+ Kb5 49. Re5+ Kc6 50. Rxh5 a5 51. f4 Ra2 52.
Rxh4 a4 53. f5 Rf2 54. Rxa4 Rxf5 55. Rd4 Kc5 56. Rd8 Rh5+ 57. Kg4 Rh7 58. Kf5
Rf7+ 59. Kg6 Rf4 60. Kg5 Ra4 61. g4 Kc6 62. Kh5 Kb7 63. Rd1 Ra2 64. g5 Rh2+ 65.
Kg6 Rg2 66. Kf6 Rf2+ 67. Kg7 Rg2 68. g6 Rg3 69. Kf8 Rf3+ 70. Kg8 Rg3 71. g7 Rf3
72. Rd4 Rf1 73. Kh7 Rh1+ 74. Kg6 Rg1+ 75. Kh6 Kc8 76. Rd5 Rh1+ 77. Kg6 Rg1+ 78.
Rg5 1-0

[Event "Bayerische EM 2023 - Allgemeine Gruppe"]
[Site "Rosenheim"]
[Date "2023.08.23"]
[Round "5.20"]
[White "Fuchs, Michael"]
[Black "Ziemann, Ulrich"]
[Result "1/2-1/2"]
[WhiteElo "1988"]
[BlackElo "1921"]
[PlyCount "43"]
[EventDate "2023.??.??"]
[WhiteTeam "DJK SF Haselbach"]
[BlackTeam "SC Bad Kötzting e.V."]

1. Nf3 d5 2. e3 Nf6 3. c4 e6 4. Nc3 Be7 5. d4 c6 6. Bd3 Nbd7 7. O-O dxc4 8.
Bxc4 b5 9. Bd3 a6 10. Qe2 c5 11. dxc5 Nxc5 12. Bc2 Qc7 13. a3 Ncd7 14. e4 Bb7
15. Bg5 Ne5 16. Nxe5 Qxe5 17. f4 Qc7 18. Rac1 Rc8 19. f5 e5 20. Be3 Qb6 21. Kh1
O-O 22. Rcd1 1/2-1/2

[Event "Bayerische EM 2023 - Allgemeine Gruppe"]
[Site "Rosenheim"]
[Date "2023.08.23"]
[Round "5.21"]
[White "Luhn, Robert"]
[Black "Mazatis, Benjamin"]
[Result "0-1"]
[WhiteElo "1977"]
[BlackElo "1731"]
[PlyCount "116"]
[EventDate "2023.??.??"]
[WhiteTeam "SK Caissa Augsburg"]
[BlackTeam "SK Bruckmühl e.V."]

1. d4 d5 2. Nf3 Nf6 3. c4 dxc4 4. Nc3 a6 5. a4 Nc6 6. a5 e6 7. e3 Bb4 8. Bxc4
Bxa5 9. O-O O-O 10. Bd3 Bb6 11. Ne4 Nxe4 12. Bxe4 Ne7 13. Qc2 Ng6 14. Bd2 c6
15. Bc3 Bc7 16. Rfd1 Qe7 17. g3 Rd8 18. h4 Nf8 19. h5 h6 20. Ba5 Bxa5 21. Rxa5
Nd7 22. Kg2 Nf6 23. Ne5 Nxe4 24. Qxe4 Rd5 25. Raa1 Bd7 26. g4 Be8 27. Nd3 c5
28. dxc5 Bc6 29. Nb4 Rxc5 30. Nxc6 Rxc6 31. Ra4 Rd8 32. Rad4 Rxd4 33. Rxd4 Rc8
34. Qd3 Qc7 35. Rd7 Qb6 36. b3 Re8 37. Kg3 Qc6 38. f3 Qb6 39. Qe4 Rb8 40. b4
Qb5 41. Rxf7 Kxf7 42. Qf4+ Ke7 43. Qc7+ Kf6 44. Qf4+ Ke7 45. Qc7+ Qd7 46. Qxb8
Qd6+ 47. Qxd6+ Kxd6 48. f4 b6 49. Kf3 a5 50. Ke4 a4 51. Kd4 b5 52. e4 Ke7 53.
g5 e5+ 54. Kxe5 a3 55. gxh6 gxh6 56. f5 a2 57. f6+ Kf7 58. Kf5 a1=Q 0-1

[Event "Bayerische EM 2023 - Allgemeine Gruppe"]
[Site "Rosenheim"]
[Date "2023.08.23"]
[Round "5.22"]
[White "Steinhauer, Artur"]
[Black "Sesselmann, Moritz"]
[Result "1/2-1/2"]
[WhiteElo "1953"]
[BlackElo "1697"]
[PlyCount "118"]
[EventDate "2023.??.??"]
[WhiteTeam "SC Bavaria Regensburg von 1881 e"]
[BlackTeam "SK 1907 Kulmbach"]

1. e4 c6 2. Nc3 d5 3. Qf3 dxe4 4. Nxe4 Nf6 5. Bc4 Nbd7 6. Bb3 g6 7. d4 Bg7 8.
Ne2 O-O 9. O-O Nxe4 10. Qxe4 Nf6 11. Qh4 a5 12. a4 Nd5 13. Bh6 b6 14. Bxg7 Kxg7
15. Rad1 Ba6 16. Rfe1 Bxe2 17. Rxe2 e6 18. Qe4 Rc8 19. Rd3 Qd6 20. Re1 Rfd8 21.
c3 Nf6 22. Qh4 c5 23. Rf3 Qe7 24. Rd1 cxd4 25. Rxd4 Rxd4 26. Qxd4 Rc5 27. Rd3
b5 28. Qd6 Qxd6 29. Rxd6 b4 30. cxb4 axb4 31. f3 Nd5 32. Kf2 Rc8 33. Bxd5 Rc2+
34. Ke3 exd5 35. Rxd5 Rxb2 36. Rb5 Rxg2 37. Rxb4 Rxh2 38. Kd4 h5 39. Kc5 Ra2
40. Kb6 g5 41. a5 h4 42. a6 h3 43. a7 h2 44. Rb1 f5 45. Rh1 g4 46. Rxh2 Rxa7
47. Kxa7 gxf3 48. Kb6 Kf6 49. Rf2 Ke5 50. Rxf3 Ke4 51. Ra3 f4 52. Kc5 f3 53.
Ra4+ Ke3 54. Ra3+ Ke2 55. Kd4 f2 56. Ra2+ Kf3 57. Ra1 Ke2 58. Ke4 f1=Q 59. Rxf1
Kxf1 1/2-1/2

[Event "Bayerische EM 2023 - Allgemeine Gruppe"]
[Site "Rosenheim"]
[Date "2023.08.23"]
[Round "5.23"]
[White "Paar, Johannes"]
[Black "Dietlmeier, Tobias"]
[Result "0-1"]
[WhiteElo "1953"]
[BlackElo "1885"]
[PlyCount "60"]
[EventDate "2023.??.??"]
[WhiteTeam "SK Schwandorf"]
[BlackTeam "TV Tegernsee"]

1. d4 d5 2. c4 e6 3. Nc3 Nf6 4. Nf3 c6 5. Bg5 Nbd7 6. e3 Be7 7. Bd3 O-O 8. O-O
h6 9. Bh4 b6 10. cxd5 exd5 11. Rc1 Bb7 12. Qe2 Ne4 13. Bxe7 Qxe7 14. Ba6 Bxa6
15. Qxa6 Qd6 16. Nxe4 dxe4 17. Nd2 Rfe8 18. Rfd1 Qd5 19. b3 Re6 20. Qb7 Rae8
21. Qxa7 Rg6 22. Qc7 Ree6 23. Qd8+ Kh7 24. Nf1 Ref6 25. Ng3 h5 26. Nxh5 Qxh5
27. Qxd7 Rxg2+ 28. Kxg2 Qf3+ 29. Kg1 Qxf2+ 30. Kh1 Qf3+ 0-1